000 00346nam a2200145Ia 4500
008 230718s9999 xx 000 0 und d
041 _aEng.
082 _a34273
_bCON-C
100 _aConstitition, Imposter
245 0 _aConstitution Made Easy
260 _aPakistan
_bBookland Publisher
_c2011
300 _a202
650 _aLaw
999 _c30900
_d30900